Креативная экономика: научно-практический журнал
| Gaia: | С 2022 г. журнал выписан в электронном виде. Доступ с платформы eLibrary.ru Журнал посвящен исследованиям аспектов проявления творчества в экономике, как источника инноваций и механизмов экономического роста. В журнале рассматриваются как институциональные и макроэкономические вопросы, такие как управление знаниями, формирование человеческого и интеллектуального капитала, инновационное развитие государства и регионов, формирование национальной инновационной системы, так и различные практические аспекты, включая инновационный менеджмент и лидерство. Особое внимание уделяется вопросам подготовки творческих и инновационно-активных специалистов в рамках высшего и профессионального образования. Основное содержание журнала составляют результаты оригинальных научных исследований и аналитические обзоры. |
|---|---|
| Hizkuntza: | errusiera |
| Argitaratua: |
Москва, Изд-во “Креативная экономика”, 2007-
|
| Gaiak: | |
| Sarrera elektronikoa: | Журнал на платформе eLIBRARY по подписке ТПУ Официальный сайт журнала |
| Formatua: | MixedMaterials Baliabide elektronikoa Aldizkako argitalpena |
| KOHA link: | https://koha.lib.tpu.ru/cgi-bin/koha/opac-detail.pl?biblionumber=587168 |
MARC
| LEADER | 00000nas1a2200000 4500 | ||
|---|---|---|---|
| 001 | 587168 | ||
| 005 | 20231206142119.0 | ||
| 011 | |a 1994-6929 |f 2409-4684 | ||
| 035 | |a (RuTPU)RU\TPU\prd\289791 | ||
| 035 | |a RU\TPU\prd\289574 | ||
| 090 | |a 587168 | ||
| 100 | |a 20220325a20079999k||y0rusy50 ca | ||
| 101 | 0 | |a rus | |
| 102 | |a RU | ||
| 110 | |a afaz|||0yy0 | ||
| 200 | 1 | |a Креативная экономика |e научно-практический журнал | |
| 210 | |a Москва |c Изд-во “Креативная экономика” |d 2007- | ||
| 300 | |a С 2022 г. журнал выписан в электронном виде. Доступ с платформы eLibrary.ru | ||
| 305 | |a Основан в 2007 г. | ||
| 326 | |a Периодичность - 12 номеров в год | ||
| 330 | |a Журнал посвящен исследованиям аспектов проявления творчества в экономике, как источника инноваций и механизмов экономического роста. В журнале рассматриваются как институциональные и макроэкономические вопросы, такие как управление знаниями, формирование человеческого и интеллектуального капитала, инновационное развитие государства и регионов, формирование национальной инновационной системы, так и различные практические аспекты, включая инновационный менеджмент и лидерство. Особое внимание уделяется вопросам подготовки творческих и инновационно-активных специалистов в рамках высшего и профессионального образования. Основное содержание журнала составляют результаты оригинальных научных исследований и аналитические обзоры. | ||
| 606 | 1 | |a Непроизводственная сфера |x Экономика |2 stltpush |3 (RuTPU)RU\TPU\subj\36505 |9 57859 | |
| 686 | |a У9(2)49 |2 rubbk | ||
| 801 | 0 | |a RU |b 63413507 |c 20231206 |g RCR | |
| 856 | 4 | |u https://www.elibrary.ru/title_about_new.asp?id=11930 |z Журнал на платформе eLIBRARY по подписке ТПУ | |
| 856 | 4 | |u https://creativeconomy.ru/journals/ce |z Официальный сайт журнала | |
| 942 | |c CR | ||